El mundo al revés
Saved in:
| Hovedforfatter: | |
|---|---|
| Format: | Bog |
| Sprog: | spansk |
| Udgivet: |
Buenos Aires
La Espiga de Oro
1945
|
| Fag: | |
| Tags: |
Tilføj Tag
Ingen Tags, Vær først til at tagge denne postø!
|
MARC
| LEADER | 00000nam a2200000 a 4500 | ||
|---|---|---|---|
| 001 | UCZ1183 | ||
| 003 | CL-VaPUC | ||
| 008 | 950817e19450000AG |||||||||||||||||spa|d | ||
| 082 | 0 | 4 | |a 190 |b CHE |2 21 |
| 100 | 0 | |a Chesterton, Gilbert Keith |e author |9 344623 | |
| 245 | 1 | 3 | |a El mundo al revés |
| 300 | |a 286 p | ||
| 942 | |c BK | ||
| 945 | |d 19950817 00:00:00 |a aalvarez | ||
| 260 | |a Buenos Aires |b La Espiga de Oro |c 1945 | ||
| 650 | 0 | |a Filosofía contemporánea |9 265372 | |
| 650 | 0 | |a Filosofía inglesa |9 255676 | |
| 583 | |a last modification |c 19950817 00:00:00 |k Rodrigo Vera | ||
| 999 | |c 237977 |d 237975 | ||
| 952 | |0 0 |1 0 |4 0 |6 190_000000000000000_CHE_1945 |7 0 |8 P |9 247862 |a BIBEDU |b BIBEDU |c BIBEDU_PB |d 2019-11-18 |i 3122212 |o 190 CHE 1945 |p 3122212 |r 2024-01-25 |w 2019-11-18 |y BK |k FIL | ||